000 01703nab a22002777a 4500
999 _c6458
_d6458
003 OSt
005 20260205102833.0
008 190429b xxu||||| |||| 00| 0 spa d
040 _cPJ
100 _aMassenzio, Flavia
_97080
245 1 3 _aLa sanción a los actos discriminatorios en redes sociales: discursos de odio y libertad de expresión /
_cFlavia Massenzio, Martín Muñoz, María Rachid.
260 _cCiudad Autónoma de Buenos Aires :
_aThomson Reuters La Ley,
_b2024.
300 _ap. 178-189
500 _aCita: TR LALEY AR/DOC/907/2024.
505 _aSumario: I. Introducción: la importancia del análisis de este fallo.— II. Matriz de análisis de casos de discriminación y discursos de odio.— III. Verificación de hechos: la autoría y el dolo.— IV. Verificación de la lesión de derechos.— V. Verificación de la asociación de una persona a un grupo vulnerado como pretexto motivador.— VI. Verificación de la arbitrariedad de la conducta: los discursos discriminatorios y su aparente tensión con la libertad de expresión.— VII. La condena y las medidas de protección ulteriores.— VIII. Conclusión.
505 _tSi te interesa el texto completo, solicitalo a koha@justierradelfuego.gov.ar
650 0 _9343
_aDERECHO PENAL
650 0 _91576
_aDISCRIMINACION
650 0 _94109
_aREDES SOCIALES
650 0 _94305
_aDERECHO A LA IDENTIDAD DE GÉNERO
650 0 _91260
_aLIBERTAD DE EXPRESION
650 0 _96081
_aCIENCIA Y TECNOLOGÍA
700 _aMuñoz, Martín
_97081
773 0 _02658
_93164
_tRevista de derecho penal y criminología. Nº 4 - Mayo 2024
_dCiudad Autónoma de Buenos Aires : Thomson Reuters La Ley, 2017-
_x00347914
942 _2udc
_cANA